[Event "COL-ch U18 Girls"]
[Site "Cali"]
[Date "2017.04.06"]
[Round "5"]
[White "Rosado Perez, Maria Jose"]
[Black "Calderon Zuluaga, Andrea"]
[Result "1-0"]
[WhiteElo "1777"]
[BlackElo "1694"]
[PlyCount "53"]
[EventDate "2017.04.04"]
[EventType "tourn"]
[EventRounds "9"]
[EventCountry "COL"]
[SourceTitle "CBM 178 Extra"]
[Source "ChessBase"]
[SourceDate "2017.06.22"]
[SourceVersion "1"]
[SourceVersionDate "2017.06.22"]
[SourceQuality "1"]

1. e4 c5 2. Nf3 Nc6 3. d4 cxd4 4. Nxd4 e5 5. Nb5 a6 6. Nd6+ Bxd6 7. Qxd6 Qf6 8. Qd1 Qg6 9. Nc3 Nge7 10. Be3 0-0 11. Qd2 f5 12. exf5 Nxf5 13. 0-0-0 Nxe3 14. fxe3 Ne7 15. Bd3 Qc6 16. Be4 Qc7 17. Rhf1 Qd8 18. Qd3 h6 19. Rxf8+ Qxf8 20. Rf1 Qe8 21. Qd6 Ra7 22. Nd5 Nxd5 23. Bxd5+ Kh7 24. Be4+ Kg8 25. Qd5+ Kh8 26. Qc5 d6 27. Qxa7 1-0

[Event "COL-ch U20 Girls"]
[Site "Medellin"]
[Date "2016.03.18"]
[Round "5"]
[White "Calderon Zuluaga, Andrea"]
[Black "Varela, Maria de los Angele"]
[Result "0-1"]
[WhiteElo "1743"]
[BlackElo "1595"]
[PlyCount "26"]
[EventDate "2016.03.16"]
[EventType "swiss"]
[EventRounds "7"]
[EventCountry "COL"]
[SourceTitle "CBM 171 Extra"]
[Source "ChessBase"]
[SourceDate "2016.04.26"]
[SourceVersion "1"]
[SourceVersionDate "2016.04.26"]
[SourceQuality "1"]

1. e4 c5 2. Nc3 Nc6 3. f4 g6 4. Nf3 Bg7 5. Bb5 Nf6 6. 0-0 Nd4 7. e5 Ng4 8. Nxd4 cxd4 9. Nd5 Nh6 10. d3 e6 11. Nf6+ Bxf6 12. exf6 Qxf6 13. f5 Nxf5 0-1

[Event "COL-ch U16 Girls"]
[Site "Bogota"]
[Date "2014.06.02"]
[Round "7"]
[White "Calderon Zuluaga, Andrea"]
[Black "Viveros, Mariana Yibeth"]
[Result "1/2-1/2"]
[WhiteElo "1749"]
[BlackElo "1659"]
[PlyCount "84"]
[EventDate "2014.05.29"]
[EventType "swiss"]
[EventRounds "7"]
[EventCountry "COL"]
[SourceTitle "CBM 160 Extra"]
[Source "ChessBase"]
[SourceDate "2014.07.01"]
[SourceVersion "1"]
[SourceVersionDate "2014.07.01"]
[SourceQuality "1"]

1. e4 e5 2. Nf3 Nc6 3. Bc4 Nf6 4. d3 h6 5. 0-0 Bc5 6. Be3 Bb6 7. Nc3 d6 8. Ne2 Be6 9. Bb3 d5 10. Bxb6 axb6 11. exd5 Bxd5 12. Bxd5 Nxd5 13. d4 exd4 14. Nexd4 0-0 15. Re1 Nxd4 16. Qxd4 Nf6 17. Qxd8 Rfxd8 18. Re7 Rd7 19. Rxd7 Nxd7 20. Rd1 Nf6 21. a3 Kf8 22. Kf1 Re8 23. Re1 Rxe1+ 24. Kxe1 Ke7 25. Kd2 Kd6 26. Kd3 b5 27. h3 Kd5 28. Nd4 c6 29. Nf5 Ne8 30. g4 c5 31. b3 b6 32. Ne7+ Kd6 33. Nc8+ Kc7 34. Na7 Nd6 35. a4 bxa4 36. bxa4 Kb7 37. Nb5 Nxb5 38. axb5 Kc7 39. c4 Kd6 40. Ke4 g6 41. f4 f6 42. h4 Ke6 1/2-1/2

[Event "COL-ch U16 Girls"]
[Site "Bogota"]
[Date "2014.06.01"]
[Round "6"]
[White "Gutierrez, Maria Isabel"]
[Black "Calderon Zuluaga, Andrea"]
[Result "1/2-1/2"]
[WhiteElo "1506"]
[BlackElo "1749"]
[PlyCount "86"]
[EventDate "2014.05.29"]
[EventType "swiss"]
[EventRounds "7"]
[EventCountry "COL"]
[SourceTitle "CBM 160 Extra"]
[Source "ChessBase"]
[SourceDate "2014.07.01"]
[SourceVersion "1"]
[SourceVersionDate "2014.07.01"]
[SourceQuality "1"]

1. Nf3 c5 2. b3 Nf6 3. Bb2 e6 4. g3 d5 5. e3 Nc6 6. Bg2 g6 7. 0-0 Bg7 8. c4 0-0 9. d4 cxd4 10. cxd5 Nxd5 11. Nxd4 Nxd4 12. Bxd4 Nf6 13. Nd2 Re8 14. Rc1 e5 15. Bb2 Bg4 16. Qc2 Rc8 17. Bc3 Nd5 18. Bxd5 Qxd5 19. e4 Qd7 20. f3 Bh3 21. Rfd1 Qb5 22. Nc4 Qc5+ 23. Qf2 Bh6 24. Qxc5 Rxc5 25. Rc2 Rec8 26. Bd2 Bxd2 27. Rcxd2 b5 28. Ne3 Rc1 29. g4 h5 30. Kf2 h4 31. Ke2 R8c3 32. Rxc1 Rxc1 33. Rd1 Rxd1 34. Kxd1 Kf8 35. Kc2 Ke7 36. Kc3 a5 37. b4 a4 38. Kd3 Ke6 39. Ke2 f5 40. g5 f4 41. Nd5 Kd6 42. a3 Be6 43. Nf6 h3 1/2-1/2

[Event "Bogota U16"]
[Site "Bogota"]
[Date "2014.05.18"]
[Round "5.3"]
[White "Paez Mila, Ivan Jose"]
[Black "Calderon Zuluaga, Andrea"]
[Result "0-1"]
[WhiteElo "1413"]
[BlackElo "1749"]
[PlyCount "88"]
[EventDate "2014.05.16"]
[EventType "swiss"]
[EventRounds "5"]
[EventCountry "COL"]
[SourceTitle "EXT 2024"]
[Source "ChessBase"]
[SourceDate "2023.10.10"]
[SourceVersion "1"]
[SourceVersionDate "2023.10.10"]
[SourceQuality "1"]

1. e4 c5 2. Nf3 Nc6 3. d4 cxd4 4. Nxd4 e6 5. c4 Nf6 6. Nc3 d6 7. Be3 Be7 8. Qd2 0-0 9. Be2 a6 10. 0-0 Bd7 11. h3 b6 12. Bf3 Ne5 13. b3 Rb8 14. a4 Qc8 15. Rac1 Rb7 16. Bf4 Nxf3+ 17. Nxf3 e5 18. Bg3 Bc6 19. Nd5 Nxe4 20. Qe3 Nc5 21. Nxe7+ Rxe7 22. b4 Nxa4 23. b5 Bxf3 24. Qxf3 a5 25. Qa3 Nc5 26. f4 f6 27. Qf3 Qb7 28. fxe5 Qxf3 29. Rxf3 dxe5 30. Rd1 Rd7 31. Rxd7 Nxd7 32. Bf2 Rc8 33. Rd3 Rc7 34. Kf1 Kf7 35. Ke2 Ke6 36. Rxd7 Kxd7 37. Bxb6 Rxc4 38. Bxa5 Rc5 39. Bb4 Rxb5 40. Bf8 g6 41. g4 Rb3 42. Bg7 Ke6 43. h4 Rh3 44. g5 f5 0-1

[Event "Bogota U16"]
[Site "Bogota"]
[Date "2014.05.16"]
[Round "1.2"]
[White "Calderon Zuluaga, Andrea"]
[Black "Salcedo, Jackeline"]
[Result "0-1"]
[WhiteElo "1749"]
[BlackElo "1949"]
[PlyCount "68"]
[EventDate "2014.05.16"]
[EventType "swiss"]
[EventRounds "5"]
[EventCountry "COL"]
[SourceTitle "EXT 2024"]
[Source "ChessBase"]
[SourceDate "2023.10.10"]
[SourceVersion "1"]
[SourceVersionDate "2023.10.10"]
[SourceQuality "1"]

1. e4 c5 2. Nf3 e6 3. d4 cxd4 4. Nxd4 Nf6 5. Nc3 Bb4 6. f3 Nc6 7. Be3 e5 8. Nxc6 bxc6 9. Qd2 0-0 10. a3 Ba5 11. b4 Bb6 12. Be2 d5 13. exd5 cxd5 14. Bxb6 axb6 15. 0-0 d4 16. Ne4 Nd5 17. Rfe1 Be6 18. Bd3 Ne3 19. Ng3 f5 20. Nf1 f4 21. Nxe3 fxe3 22. Qe2 Rc8 23. Rac1 Rc3 24. a4 Qe7 25. Rb1 Rfc8 26. Rec1 Bc4 27. Qd1 Qg5 28. Bxc4+ R8xc4 29. Qe1 Rxc2 30. Rxc2 Rxc2 31. g3 Qh5 32. h4 Qxf3 33. Qf1 Qxg3+ 34. Kh1 Qh2# 0-1

[Event "Bogota op 10"]
[Site "Bogota"]
[Date "2012.10.18"]
[Round "8"]
[White "Pena Mora, Carlos"]
[Black "Calderon Zuluaga, Andrea"]
[Result "1-0"]
[WhiteElo "1665"]
[BlackElo "1780"]
[PlyCount "101"]
[EventDate "2012.10.11"]
[EventType "swiss"]
[EventRounds "9"]
[EventCountry "COL"]
[SourceTitle "EXT 2013"]
[Source "ChessBase"]
[SourceDate "2012.11.22"]
[SourceVersion "1"]
[SourceVersionDate "2012.11.22"]
[SourceQuality "1"]

1. Nf3 Nf6 2. c4 Nc6 3. Nc3 e5 4. d3 g6 5. Bg5 Bg7 6. Nd5 0-0 7. e3 d6 8. Be2 Be6 9. a3 Bxd5 10. cxd5 Ne7 11. e4 c6 12. dxc6 Nxc6 13. 0-0 Qd7 14. Qd2 Ne8 15. Bh6 f5 16. Bxg7 Nxg7 17. Qh6 fxe4 18. dxe4 Ne6 19. Bc4 Kh8 20. Bxe6 Qxe6 21. Ng5 Qd7 22. Rad1 Nd4 23. Rd2 Qg7 24. Qxg7+ Kxg7 25. Rxd4 exd4 26. Ne6+ Kf7 27. Nxf8 Kxf8 28. Rd1 Rc8 29. f3 Rc4 30. Kf1 Ke7 31. Ke2 Ke6 32. Kd3 b5 33. Rd2 Ke5 34. g3 g5 35. h3 h6 36. Rf2 d5 37. f4+ gxf4 38. gxf4+ Ke6 39. exd5+ Kxd5 40. f5 Ke5 41. f6 Rc8 42. f7 Rf8 43. h4 a5 44. b3 a4 45. b4 h5 46. Rf1 Ke6 47. Kxd4 Rxf7 48. Rxf7 Kxf7 49. Kc5 Kf6 50. Kxb5 Kf5 51. Kxa4 1-0

[Event "Bogota op 10"]
[Site "Bogota"]
[Date "2012.10.11"]
[Round "1"]
[White "Lora, Joel Fernando"]
[Black "Calderon Zuluaga, Andrea"]
[Result "1-0"]
[WhiteElo "2157"]
[BlackElo "1780"]
[PlyCount "42"]
[EventDate "2012.10.11"]
[EventType "swiss"]
[EventRounds "9"]
[EventCountry "COL"]
[SourceTitle "EXT 2013"]
[Source "ChessBase"]
[SourceDate "2012.11.22"]
[SourceVersion "1"]
[SourceVersionDate "2012.11.22"]
[SourceQuality "1"]

1. d4 d5 2. c4 e6 3. Nc3 Nf6 4. Bg5 Be7 5. Nf3 Nbd7 6. Qc2 c6 7. e3 b6 8. Bd3 0-0 9. Ne5 Bb7 10. Nxd7 Qxd7 11. Bxf6 Bxf6 12. Bxh7+ Kh8 13. Bd3 Rac8 14. Qe2 g6 15. f4 Kg7 16. h4 Rh8 17. g3 Rh7 18. h5 Rch8 19. g4 Be7 20. Kf2 f6 21. Kg2 gxh5 1-0

[Event "Antioquia Region-ch U20"]
[Site "Antioquia"]
[Date "2012.??.??"]
[Round "2.7"]
[White "Calderon Zuluaga, Andrea"]
[Black "Salazar, Aura Cristina"]
[Result "0-1"]
[WhiteElo "1780"]
[BlackElo "2284"]
[PlyCount "54"]
[EventDate "2012.01.19"]
[EventType "tourn"]
[EventRounds "7"]
[EventCountry "COL"]
[SourceTitle "EXT 2024"]
[Source "ChessBase"]
[SourceDate "2023.10.10"]
[SourceVersion "1"]
[SourceVersionDate "2023.10.10"]
[SourceQuality "1"]

1. e4 c5 2. Nc3 Nc6 3. f4 g6 4. Nf3 Bg7 5. Be2 e6 6. 0-0 Nge7 7. d3 d5 8. Qe1 a6 9. a4 Rb8 10. b3 dxe4 11. dxe4 Nd4 12. Bd1 b5 13. axb5 axb5 14. Kh1 b4 15. Nxd4 Bxd4 16. Bb2 bxc3 17. Bxc3 Bxc3 18. Qxc3 Qd4 19. Qa5 Nc6 20. Qa3 Bb7 21. Bf3 Ra8 22. Qc1 Rxa1 23. Qxa1 Qxa1 24. Rxa1 Kd7 25. e5 Kc7 26. Bxc6 Bxc6 27. Ra7+ Bb7 0-1

[Event "Bogota McGregor op 2nd"]
[Site "Bogota"]
[Date "2011.12.06"]
[Round "1"]
[White "Calderon Zuluaga, Andrea"]
[Black "Ruiz, Alciguel"]
[Result "0-1"]
[WhiteElo "1781"]
[BlackElo "2213"]
[PlyCount "48"]
[EventDate "2011.12.06"]
[EventType "swiss"]
[EventRounds "10"]
[EventCountry "COL"]
[SourceTitle "CBM 145 Extra"]
[Source "ChessBase"]
[SourceDate "2012.01.03"]
[SourceVersion "1"]
[SourceVersionDate "2012.01.03"]
[SourceQuality "1"]

1. e4 c5 2. Nf3 Nc6 3. d4 cxd4 4. Nxd4 Nf6 5. Nc3 g6 6. Be3 Bg7 7. f3 0-0 8. Qd2 d5 9. Nxc6 bxc6 10. 0-0-0 Qa5 11. exd5 cxd5 12. Nxd5 Qxa2 13. Nxe7+ Kh8 14. Qb4 Be6 15. Bf4 Nh5 16. Bd6 Rfd8 17. Nc6 Bh6+ 18. f4 Rxd6 19. Rxd6 Bxf4+ 20. Kd1 Bg4+ 21. Ke1 Re8+ 22. Kf2 Be3+ 23. Ke1 Qa1+ 24. Rd1 Qxd1# 0-1

[Event "Bogota Univ Central op-B 5th"]
[Site "Bogota"]
[Date "2011.10.14"]
[Round "2.7"]
[White "Calderon Zuluaga, Andrea"]
[Black "Gonzalez Lopez, Nicolas Mateo"]
[Result "1-0"]
[WhiteElo "1781"]
[BlackElo "1505"]
[PlyCount "29"]
[EventDate "2011.10.13"]
[EventType "swiss"]
[EventRounds "9"]
[EventCountry "COL"]
[SourceTitle "EXT 2024"]
[Source "ChessBase"]
[SourceDate "2023.10.10"]
[SourceVersion "1"]
[SourceVersionDate "2023.10.10"]
[SourceQuality "1"]

1. e4 e5 2. Nf3 Nc6 3. Bc4 Bc5 4. c3 Nf6 5. d4 exd4 6. cxd4 Bb4+ 7. Nc3 Nxe4 8. 0-0 Nxc3 9. bxc3 Bxc3 10. Bxf7+ Kf8 11. Bg5 Ne7 12. Ne5 d6 13. Qf3 dxe5 14. Be6+ Ke8 15. Qf7# 1-0

[Event "Bogota Univ Central op-B 5th"]
[Site "Bogota"]
[Date "2011.10.13"]
[Round "1.8"]
[White "Sabogal Varela, Jose Joaquin"]
[Black "Calderon Zuluaga, Andrea"]
[Result "0-1"]
[WhiteElo "1277"]
[BlackElo "1781"]
[PlyCount "48"]
[EventDate "2011.10.13"]
[EventType "swiss"]
[EventRounds "9"]
[EventCountry "COL"]
[SourceTitle "EXT 2024"]
[Source "ChessBase"]
[SourceDate "2023.10.10"]
[SourceVersion "1"]
[SourceVersionDate "2023.10.10"]
[SourceQuality "1"]

1. Nf3 c5 2. g3 d5 3. Bg2 Nc6 4. 0-0 Nf6 5. d3 Bf5 6. Bf4 e6 7. Ne5 Nxe5 8. Bxe5 Be7 9. Nc3 a6 10. f3 0-0 11. e4 dxe4 12. dxe4 Bg6 13. Qxd8 Raxd8 14. Rfd1 Rfe8 15. Bc7 Rc8 16. Ba5 c4 17. e5 Bc5+ 18. Kf1 Nd5 19. Nxd5 exd5 20. Rxd5 b6 21. Bc3 Bxc2 22. Bh3 Bd3+ 23. Rxd3 cxd3 24. Bxc8 Rxc8 0-1

[Event "Bogota Mayores Distrital op"]
[Site "Bogota"]
[Date "2011.08.14"]
[Round "7"]
[White "Calderon Zuluaga, Andrea"]
[Black "Camargo, Santiago"]
[Result "0-1"]
[WhiteElo "1827"]
[BlackElo "2001"]
[PlyCount "28"]
[EventDate "2011.08.11"]
[EventType "swiss"]
[EventRounds "9"]
[EventCountry "COL"]
[SourceTitle "CBM 143 Extra"]
[Source "ChessBase"]
[SourceDate "2011.08.29"]
[SourceVersion "1"]
[SourceVersionDate "2011.08.29"]
[SourceQuality "1"]

1. e4 c5 2. Nf3 d6 3. d4 cxd4 4. Nxd4 Nf6 5. Nc3 g6 6. Be3 Bg7 7. f3 0-0 8. Qd2 Nc6 9. 0-0-0 Nxd4 10. Bxd4 Be6 11. Nd5 Bxd5 12. exd5 Rc8 13. Kb1 Qc7 14. g4 Nxd5 0-1

[Event "Medellin Cuartas Memorial"]
[Site "Medellin"]
[Date "2011.08.06"]
[Round "6"]
[White "Romero, Daniela"]
[Black "Calderon Zuluaga, Andrea"]
[Result "1-0"]
[WhiteElo "1857"]
[BlackElo "1827"]
[PlyCount "36"]
[EventDate "2011.08.03"]
[EventType "swiss"]
[EventRounds "8"]
[EventCountry "COL"]
[SourceTitle "CBM 144 Extra"]
[Source "ChessBase"]
[SourceDate "2011.10.28"]
[SourceVersion "1"]
[SourceVersionDate "2011.10.28"]
[SourceQuality "1"]

1. e4 c5 2. Nc3 Nc6 3. f4 e6 4. Nf3 d6 5. g3 Nge7 6. Bg2 a6 7. 0-0 Qc7 8. d3 Ng6 9. Qe2 b5 10. a3 Bb7 11. Kh1 Be7 12. f5 exf5 13. exf5 Nge5 14. Nd5 Qd7 15. Nb6 Qxf5 16. Nxe5 Qxe5 17. Qxe5 dxe5 18. Nxa8 Bxa8 1-0